UBT Library

Educational Psychologz (Record no. 520)

000 -LEADER
fixed length control field 00534nam a22001937a 4500
005 - DATE AND TIME OF LATEST TRANSACTION
control field 20141010073145.0
008 - FIXED-LENGTH DATA ELEMENTS--GENERAL INFORMATION
fixed length control field 141010b xxu||||| |||| 00| 0 eng d
020 ## - INTERNATIONAL STANDARD BOOK NUMBER
International Standard Book Number 0072433361
024 #0 - OTHER STANDARD IDENTIFIER
Terms of availability eng
080 ## - UNIVERSAL DECIMAL CLASSIFICATION NUMBER
Universal Decimal Classification number 159.9
245 ## - TITLE STATEMENT
Title Educational Psychologz
250 ## -
-- 6 th, ed.;
260 ## -
-- United States of America,
-- McGraw-Hill,
-- 2001,
300 ## -
-- 229 f.:
-- me il.;
-- 28 cm,
500 ## -
-- Index f.225-227
650 ## -
-- Psikologjia
700 ## -
-- Kathleen M. Cauley, Fredric Linder, James H. McMillan;
942 ## - ADDED ENTRY ELEMENTS (KOHA)
Source of classification or shelving scheme
Item type Books
Holdings
Withdrawn status Lost status Source of classification or shelving scheme Damaged status Not for loan Collection code Permanent location Current location Shelving location Date acquired Total Checkouts Full call number Barcode Date last seen Koha item type
          Koleksioni i përgjithshem UBT - Ferizaj UBT - Ferizaj Koleksioni i përgjithshem 10/10/2014   159.9 EDU 003000833 10/10/2014 Books
          Koleksioni i përgjithshem UBT - Ferizaj UBT - Ferizaj Koleksioni i përgjithshem 10/10/2014   159.9 EDU 003000834 10/10/2014 Books
          Koleksioni i përgjithshem UBT - Ferizaj UBT - Ferizaj Koleksioni i përgjithshem 10/10/2014   159.9 EDU 003000835 10/10/2014 Books
          Koleksioni i përgjithshem UBT - Ferizaj UBT - Ferizaj Koleksioni i përgjithshem 10/10/2014   159.9 EDU 003000836 10/10/2014 Books
          Koleksioni i përgjithshem UBT - Ferizaj UBT - Ferizaj Koleksioni i përgjithshem 10/10/2014   159.9 EDU 003000837 10/10/2014 Books
          Koleksioni i përgjithshem UBT - Ferizaj UBT - Ferizaj Koleksioni i përgjithshem 10/10/2014   159.9 EDU 003000838 10/10/2014 Books
          Koleksioni i përgjithshem UBT - Ferizaj UBT - Ferizaj Koleksioni i përgjithshem 10/10/2014   159.9 EDU 003000839 10/10/2014 Books
          Koleksioni i përgjithshem UBT - Ferizaj UBT - Ferizaj Koleksioni i përgjithshem 10/10/2014   159.9 EDU 003000840 10/10/2014 Books
          Koleksioni i përgjithshem UBT - Ferizaj UBT - Ferizaj Koleksioni i përgjithshem 10/10/2014   159.9 EDU 003000841 10/10/2014 Books
          Koleksioni i përgjithshem UBT - Ferizaj UBT - Ferizaj Koleksioni i përgjithshem 10/10/2014   159.9 EDU 003000842 10/10/2014 Books
UBT Library © 2015-2024. All rights reserved University Education for Business and Technology